Weed management : principles and practices (Record no. 134)

MARC details
000 -LEADER
fixed length control field 00423nam a2200157 4500
020 ## - INTERNATIONAL STANDARD BOOK NUMBER
ISBN 8177542036
050 ## - CALL NUMBER
Classification number SB613
100 ## - AUTHOR
Personal name Gupta, O P
245 ## - TITLE
Title Weed management : principles and practices
Statement of responsibility, etc O P Gupta
250 ## - EDITION
Edition statement 2. ed
260 ## - PUBLICATION INFORMATION
Place of publication Jodhpur :
Name of publisher Agrobios,
Year of publication 2003.
300 ## - DESCRIPTION
Number of Pages 293 s. :
Other physical details ill. ;
Dimensions 23 cm.
500 ## - NOTES
General note includes index
650 ## - SUBJECTS
Topical Term Weeds.
-- Herbicides.
General subdivision Biological control.
942 ## - ADDED ENTRY ELEMENTS (KOHA)
Koha item type Books
Holdings
Withdrawn status Lost status Home library Current library Date acquired Full call number Accession Number Koha item type
    Methodist University Library Wenchi Faculty Methodist University Library Wenchi Faculty 13/10/2017 SB613 28718 Books
    Methodist University Library Wenchi Faculty Methodist University Library Wenchi Faculty 13/10/2017 SB613 28719 Books
Copyright © 2026  MUG Library